01080nam a22002057a 4500003000400000005001700004008003000021020001800051040002500069082002400094100004000118245004800158246004900206260007600255300003100331490002900362500007100391505038300462830002900845OSt20240226141338.0210324b 2018 dr 00| 0 eng d a9789945608106 aDO-SdBNPbspacBNPHU 4aPR863.44bR114v2221 aRabelo Cartagena, José A.,d1963-10a2063 y otras distopías / cJosé Rabelo 23aDos mil sesenta tres y otras distopías  aSan Juan, Puerto Rico ; aSanto Domingo :bIsla Negra Editores, c2018. a196 p. : bil. ; c22 cm. 1 aEl Rostro y La Máscara aIncluye datos biográficos del autor en la solapa de la cubierta. a2063 – Lluvia – Heptateuco – Ojos – Luna – Jadeante – Estadio – Panorama – Virago – Marte – Wapar --9:43 am – Monedas – Cábala – Cuerda – Vida – Aokigahara – Sebast – Multiversos -- El artista – Aparalipsis -- Lobo y Malacoda – Arretranco – Béisbol – Perihelio – Arenas – Agua – Colonia -- In albis – Levitantes – María. 0aEl Rostro y La Máscara